00788nam a22002297a 45000010005000000030006000050050017000110080041000280400030000690500016000990820012001151000026001272450034001532600038001873000042002254900024002675050007002915200206002985210018005045210018005227000018005403930FISKH20240524111028.0240524b cb ||||| |||| 00| 0 eng d aFISK beng cFISK dFISK  aPZ7.S41267  a813.54  aScieszka Jon d1954-  aSam samurai / cJon Scieszka  aNew York : bScholastic , c2003  a83 pages : billustrations ; c20 cm  aThe time warp trio  aK  aJoe, Fred, and Sam are transported to seventeenth century Japan where they infuriate a Samurai warrior, encounter their great-grandaughters, and save their lives by reciting an ancient form of poetry. 8 a550 bLexile 8 aK bRaz-Plus  aJon Scieszka